Statistiques concernant Anagrammes villes des cathédrales de France

Cliquez ici pour prendre le quiz!

Statistiques générales

  • Ce quiz a été pris 299 fois
  • Le résultat moyen est 15 sur 18

Statistiques - réponses

AnagrammeVille% Correct
PAIRSParis
99%
ONLYLyon
98%
NOUERRouen
98%
CHARTERSChartres
97%
TEMZMetz
97%
ROUTSTours
96%
CINENice
95%
EMIRSReims
93%
GROBUSTARSStrasbourg
87%
BAILAlbi
86%
RANGESAngers
83%
ENVERSNevers
81%
MANIESAmiens
79%
GOBEURSBourges
73%
SALERONOrléans
67%
VISABEAUBeauvais
65%
ROCHASCahors
58%
OSPIRITEPoitiers
55%

Distribution des résultats

Percentile par nombre de réponses

% des personnes avec chaque résultat

Votre développement - résultats

Vous n’avez pas pris ce quiz